Władcy Europejskich kraji w 1939 roku - Statystyki

Ogólne statystyki
  • Ten quiz został rozwiązany 77 razy
  • Średni wynik to 5 z 31
Statystyki odpowiedzi
Hint Odpowiedź % Poprawnych
III Rzesza Niemiecka Adolf Hitler
94%
Związek Radziecki Józef Stalin
89%
Włochy Benito Mussolini
65%
Polska Ignacy Mościcki
61%
Wielka Brytania Jerzy VI
32%
Hiszpania Francisco Franco
28%
Węgry Miklos Horthy
17%
Bułgaria Borys III
14%
Rumunia Karol II
13%
Jugosławia Piotr II
13%
Albania Zog I
11%
Holandia Wilhelmina
10%
Dania Chrystian X
8%
Islandia Chrystian X
8%
Czechosłowacja Emil Hacha
8%
Litwa Antanas Smetona
7%
Grecja Jerzy II
7%
Estonia Konstantin Pats
6%
Belgia Leopold III
6%
Norwegia Haakon VII
4%
Francja Albert Lebrun
3%
Łotwa Karlis Ulmanis
3%
Lichtenstein Franciszek Józef II
1%
Szwecja Gustaw V
1%
Monako Ludwik II
1%
Luksemburg Szarlota
1%
Irlandia Douglas Hyde
0%
Turcja Ismet Inonu
0%
Finlandia Kyosti Kallio
0%
Portugalia Oscar Carmona
0%
Szwajcaria Philipp Etter
0%
Nie znaleziono quizów pasujących do podanych kryteriów
Rozkład punktacji
Procent ludzi z każdym wynikiem
Percentyl według liczby udzielonych odpowiedzi
Twoja historia wyników
Nie rozwiązałeś tego quizu